Monty Python's 'Cheese Shop' Cheeses (Clickable) Quiz Stats

 Plays Quiz not verified by Sporcle

Score 0/43 Timer 04:00
1 Play Today
% Correct
Cheddar
85.6%
Camembert
82.9%
Gouda
82.4%
Brie
82.3%
Gorgonzola
82.2%
Danish Blue
80.8%
Cheshire
76.1%
Double Gloucester
75.9%
Lancashire
75.8%
Limburger
75.3%
Norwegian Jarlsberger
74.9%
Czechoslovakian Sheep's Milk
74.7%
Edam
74.7%
Greek Feta
74.2%
Gruyère
73.9%
Roquefort
73.3%
Red Leicester
72.9%
Mozzarella
72.6%
Parmesan
70.6%
Venezuelan Beaver Cheese
70.6%
Dorset Blue Vinney
69.7%
Stilton
69.6%
% Correct
Wensleydale
68.8%
Ilchester
66.5%
Emmental
64.3%
White Stilton
63.8%
Bresse-Bleu
63.5%
Caerphilly
62.6%
Japanese Sage Derby
61.3%
Bel Paese
60.8%
Boursin
59.9%
Danish Fynbo
57.9%
Pont l'Evêque
56.7%
Port Salut
56%
Red Windsor
55.7%
Smoked Austrian
54.4%
Tilsit
53.1%
Carré de l'Est
49.2%
Saint-Paulin
47.5%
Savoyard
44.4%
Liptauer
41%
Caithness
39.6%
Pippo Créme
37.4%

You're not logged in!

Compare scores with friends on all Sporcle quizzes.
OR
Log In

You Might Also Like...

Show Comments

Extras

Top Quizzes Today


Score Distribution

Your Account Isn't Verified!

In order to create a playlist on Sporcle, you need to verify the email address you used during registration. Go to your Sporcle Settings to finish the process.

Report this User

Report this user for behavior that violates our Community Guidelines.

Details: